000 00291nam a22001337a 4500
008 171013b xxu||||| |||| 00| 0 eng d
020 _a9780071809443
041 _aeng
080 _a336
100 _a51
101 _aINV
245 _aHOW TO MANY STOCKS
_cSMITH.A
942 _2udc
_cBK
999 _c33829
_d33829